01053nam a2200241 a 450000100060000000300080000600500170001400800410003103500190007204000320009104100080012308200330013124502010016426000370036530000320040249000330043465000460046771000740051383000410058794200120062899900170064095201540065744049BD-RjUL20211209053807.0160713s1956 th af b f100 0 eng  a(BD-RjUL)44167 aDLCcDLCdDLCdBD-RjULbeng aeng00223a333.9115091724bMUL 1956 aMultiple-purpose river basin development in developing countries :bpart 2b water resource development in Burma, India and Pakistan /cUnited Nations, Economic Commission for Asia and the far east aBangkok :bUnited Nations,c1956 ax, 135 p. :bill. ;c30 cm. aFlood Control seriesvNo. 11 0aWater resources developmentzAsia9134466 aUnited Nations, Economic Commission for Asia and the far east9135293 aFlood Control seriesvNo. 119134452 2ddccBK c44049d44049 00102ddc40708NFICaRUCLbRUCLcStackd1970-12-17eSweet & Zeittengerg14.00l0o333.9115091724 MUL 1956r2016-07-13 00:00:00tC-2w2016-07-13yBK